| 000 | 01280nam0a22003611 4500 | ||
|---|---|---|---|
| 001 | rc\2141902 | ||
| 005 | 20260405135157.0 | ||
| 035 | _a(NLR Aleph) 006526865 | ||
| 090 |
_a6490842 _c6490842 |
||
| 100 | _a20110826d1979 |||y0rusy50 ca | ||
| 101 | 0 | _arus | |
| 102 | _aRU | ||
| 105 | _ay z ||||| | ||
| 200 | 1 | _aНаучные труды | |
| 210 |
_aЯкутск _cКн. изд-во _d1979 |
||
| 215 |
_a483 с. _d20 |
||
| 300 | _aВ надзаг.: АН СССР, Сиб. отд-ние, Якут. фил., Ин-т яз., лит. и истории | ||
| 320 | _aБиблиогр. в примеч.: с. 466-476 | ||
| 606 |
_aЯкутский язык _2psbo |
||
| 606 |
_aЯкутский фольклор _2psbo |
||
| 606 |
_aОбряды и обычаи якутские _2psbo |
||
| 686 |
_aТ52(251.1=Я)я43 _2rubbk |
||
| 686 |
_aШ3(251.1=Я)-6я43 _2rubbk |
||
| 700 | 1 |
_8rus _7ca _aКулаковский _bА. Е. _f1877-1926 _gАлексей Елисеевич _3RU\NLR\AUTH\7755606 _938538 |
|
| 801 | 0 |
_aRU _bNLR _gpsbo |
|
| 801 | 1 |
_aRU _bELAR _2rusmarc |
|
| 852 |
_aNLR _bОНЛ _jЯкут./3-1939 |
||
| 852 |
_aNLR _bОНЛ _jЯкут./3-1939 |
||
| 899 |
_aRuMoRGB _jБ 80-2/119 |
||
| 899 |
_aRuMoRGB _jБ 80-2/120 |
||
| 942 | _cBOOK | ||
| 980 | _aNB | ||